[Event "Mecklenburg VP LL2 West 0910"]
[Site "Mecklenburg VP"]
[Date "2009.10.18"]
[Round "1.1"]
[White "Montag, Ralf"]
[Black "Eichstaedt, Enrico"]
[Result "1-0"]
[WhiteElo "2001"]
[BlackElo "1898"]
[PlyCount "85"]
[EventDate "2009.10.18"]
[EventType "team-tourn"]
[EventRounds "9"]
[EventCountry "GER"]
[SourceTitle "EXT 2016"]
[Source "ChessBase"]
[SourceDate "2015.10.08"]
[SourceVersion "1"]
[SourceVersionDate "2015.10.08"]
[SourceQuality "1"]
[WhiteTeam "Neukloster III"]
[BlackTeam "Neukloster IV"]
[WhiteTeamCountry "GER"]
[BlackTeamCountry "GER"]

1. e4 c5 2. Nc3 d6 3. g3 Nc6 4. Bg2 g6 5. d3 Bg7 6. Be3 e6 7. Qd2 Nge7 8. Bh6 0-0 9. Bxg7 Kxg7 10. Nge2 a6 11. 0-0 b5 12. f4 Bb7 13. g4 f5 14. gxf5 exf5 15. Ng3 Nd4 16. Rae1 Rc8 17. Nd1 b4 18. c3 bxc3 19. bxc3 Nb5 20. Ne3 Nc7 21. exf5 Bxg2 22. Qxg2 Kh8 23. fxg6 Nxg6 24. f5 Ne5 25. d4 cxd4 26. cxd4 Nf7 27. Nd5 Nxd5 28. Qxd5 Qh4 29. Qe4 Qh3 30. f6 Rc3 31. Re3 Rxe3 32. Qxe3 Nh6 33. Qe2 Ng4 34. f7 Qh4 35. Rf4 h5 36. Nxh5 Qxh5 37. Rxg4 Qf5 38. Rh4+ Kg7 39. Qg4+ Qxg4+ 40. Rxg4+ Kf6 41. Rf4+ Kg5 42. Rf3 Kg4 43. Kf2 1-0

[Event "Mecklenburg VP LL 0708"]
[Site "Mecklenburg VP"]
[Date "2008.02.10"]
[Round "6.2"]
[White "Montag, Ralf"]
[Black "Ruesch, Hans Joachim"]
[Result "0-1"]
[WhiteElo "2018"]
[BlackElo "2024"]
[PlyCount "58"]
[EventDate "2007.10.21"]
[EventType "team-tourn"]
[EventRounds "9"]
[EventCountry "GER"]
[SourceTitle "EXT 2016"]
[Source "ChessBase"]
[SourceDate "2015.10.08"]
[SourceVersion "1"]
[SourceVersionDate "2015.10.08"]
[SourceQuality "1"]
[WhiteTeam "Ludwigslust Post SV"]
[BlackTeam "Warnemuende SF Ostsee"]
[WhiteTeamCountry "GER"]
[BlackTeamCountry "GER"]

1. f4 g6 2. Nf3 Bg7 3. e3 c5 4. Nc3 Nf6 5. b3 0-0 6. Bb2 d5 7. Be2 Nc6 8. 0-0 d4 9. Na4 b6 10. Bb5 Bb7 11. Bxc6 Bxc6 12. exd4 Bxa4 13. bxa4 Nh5 14. Ne5 cxd4 15. Qf3 Qd6 16. Ba3 Qc7 17. Nc6 Bf6 18. Rae1 Rfe8 19. Nxe7+ Bxe7 20. Rxe7 Qxc2 21. Qd5 Qf5 22. Re5 Qf6 23. Be7 Qg7 24. Qd6 f5 25. Rc1 Qf7 26. Rc7 Rac8 27. Rxa7 Nxf4 28. h4 Rc1+ 29. Kh2 Qc4 0-1

[Event "Mecklenburg VP LL 0708"]
[Site "Mecklenburg VP"]
[Date "2008.01.20"]
[Round "5.2"]
[White "Engel, Gunnar"]
[Black "Montag, Ralf"]
[Result "1/2-1/2"]
[WhiteElo "2020"]
[BlackElo "2018"]
[PlyCount "110"]
[EventDate "2007.10.21"]
[EventType "team-tourn"]
[EventRounds "9"]
[EventCountry "GER"]
[SourceTitle "EXT 2016"]
[Source "ChessBase"]
[SourceDate "2015.10.08"]
[SourceVersion "1"]
[SourceVersionDate "2015.10.08"]
[SourceQuality "1"]
[WhiteTeam "Rostock SSC 07 II"]
[BlackTeam "Ludwigslust Post SV"]
[WhiteTeamCountry "GER"]
[BlackTeamCountry "GER"]

1. d4 Nf6 2. c4 g6 3. Nc3 d5 4. cxd5 Nxd5 5. e4 Nxc3 6. bxc3 Bg7 7. Bc4 0-0 8. Ne2 c5 9. 0-0 Nc6 10. Be3 Na5 11. Bd3 b6 12. f4 Bg4 13. Rc1 Rc8 14. Ba6 Rc7 15. d5 f5 16. e5 c4 17. Rf2 Bxe2 18. Rxe2 Qa8 19. Rd2 Rd8 20. Qf3 Rcd7 21. Rcd1 e6 22. d6 Qxf3 23. gxf3 Kf7 24. Rd4 Nc6 25. Rxc4 Nxe5 26. fxe5 Bxe5 27. Rc8 Rxc8 28. Bxc8 Rxd6 29. Rxd6 Bxd6 30. a4 e5 31. a5 bxa5 32. Bxa7 a4 33. Ba6 g5 34. Bc4+ Ke7 35. Bg8 a3 36. Kf2 h5 37. Ke3 g4 38. Bb3 gxf3 39. Kxf3 e4+ 40. Kg2 f4 41. h3 Kf6 42. c4 f3+ 43. Kf2 Be5 44. Bc5 Kf5 45. Bxa3 Bd4+ 46. Kf1 e3 47. Bc2+ Kf4 48. Bd6+ Kg5 49. Be7+ Kf4 50. Bd3 Kg3 51. h4 Kg4 52. Ke1 Kg3 53. c5 e2 54. Bxe2 fxe2 55. Kxe2 Bxc5 1/2-1/2

[Event "Mecklenburg VP LL 0708"]
[Site "Mecklenburg VP"]
[Date "2007.11.04"]
[Round "2.2"]
[White "Montag, Ralf"]
[Black "Hubert, Peter"]
[Result "1/2-1/2"]
[WhiteElo "2018"]
[BlackElo "2008"]
[PlyCount "51"]
[EventDate "2007.10.21"]
[EventType "team-tourn"]
[EventRounds "9"]
[EventCountry "GER"]
[SourceTitle "EXT 2016"]
[Source "ChessBase"]
[SourceDate "2015.10.08"]
[SourceVersion "1"]
[SourceVersionDate "2015.10.08"]
[SourceQuality "1"]
[WhiteTeam "Ludwigslust Post SV"]
[BlackTeam "Stralsund FHSG"]
[WhiteTeamCountry "GER"]
[BlackTeamCountry "GER"]

1. f4 Nf6 2. Nf3 c5 3. b3 Nc6 4. Bb2 e6 5. e3 Be7 6. Bb5 Qb6 7. Qe2 a6 8. Bxc6 Qxc6 9. 0-0 0-0 10. d3 b5 11. Nbd2 Bb7 12. e4 d6 13. c4 Rfe8 14. Rae1 bxc4 15. Nxc4 a5 16. e5 dxe5 17. Nfxe5 Qc7 18. Qf2 a4 19. Qg3 Bd5 20. Ng4 Nxg4 21. Qxg4 f6 22. Re3 axb3 23. Rg3 g6 24. axb3 Ra2 25. Bc3 Rc2 26. Ba1 1/2-1/2